000 01515nam a2200421 c 4500
001 22326
003 ES-MaCES
005 20180118122042.0
008 090807s2006 lu d m000 | eng d
020 _a9289709340
035 _aCES20090008086m
040 _aES-MaCES
_bspa
_cES-MaCES
100 1 _aNaegele, Gerhard
_919460
245 1 2 _aA guide to good practice in age management
_c[authors, Gerhard Naegele and Alan Walker]
260 _aLuxembourg
_bOffice for Official Publications of the European Communities
_c2006
300 _aVIII, 36 p.
_c30 cm
500 _aPrecede al tít.: European Foundation for the Improvement of Living and Working Conditions
504 _aBibliografía: p. 35
541 _cGratuito
650 4 _atrabajador de edad avanzada
_928410
650 4 _adiscriminación por edad
_929857
650 4 _aempleabilidad
_929674
650 4 _acontratación
_928323
650 4 _adesarrollo de la carrera
_929403
650 4 _aformación profesional permanente
_929931
650 4 _aflexibilidad del trabajo
_930174
650 4 _ajubilación
_928360
650 4 _arepertorio de recomendaciones prácticas
_929261
650 4 _aestudio de casos
_928846
653 1 0 _aEmpleo
650 4 _929020
_apaís de la UE
650 4 _926752
_aUE
700 1 _aWalker, Alan
_926102
710 2 _93819
_aFundación Europea para la Mejora de las Condiciones de Vida y de Trabajo
902 _aLIB Libro
942 _2CES
_cBK
_h2.1.
999 _c22326
_d22326